Shaquille O'neal Ultimate Quiz - Statistics

General Stats
  • This quiz has been taken 126 times
  • The average score is 24 of 100
Answer Stats
Question Answer % Correct
When is his Birthday? March 6, 1972
71%
Who are the real parents of Shaq? Lucille O'neal and Joe Toney
57%
After playing in college, what team in the NBA drafted him? Orlando Magic
57%
The real father of shaq struggled with drugs in his childhood and went to prison, who became his father figure/stepfather? Philip Harrison
57%
He was drafted with the _ pick of the 1992 NBA Draft. 1st
43%
What is his shoe size? 23
43%
How many years did he played in college? 3
43%
With this big three of him,Kobe & their new coach they won multiple straight championships. How many championships did they give the city of Los Angeles? 3
43%
In his second year as a pro, He teamed up with newly drafted rookie star, his name was? Anfernee "Penny" Hardaway
43%
in 1994, Shaq voiced his feelings of disdain to his real father in a rap song included in his second album "Shaq Fu: The Return" what is the title of the song? Biological Didn't Bother
43%
Despite this feud the Lakers are still dominating the season and the playoffs reaching the finals once again and met what team in the finals? Detroit Pistons
43%
Shaq didn't do it alone in Miami, like in Orlando & Los Angeles he was paired with a superstar guard, Who is this player? Dwyane Wade
43%
Mid-way through his 1st season, What occured twice in different occasions? His dunks broke the Steel backboard supports
43%
They met with what team in the finals? Houston Rockets
43%
With the duo of Shaq and this rookie, the team reached the playoffs for the first time, who did they play in the first round? Indiana Pacers
43%
After losing the 2003 playoffs, Shaq recruited two future Hall of Famers to the Lakers. Who are these two? Karl Malone and Gary Payton
43%
How about his College Days? Louisiana State University
43%
Where is his Birthplace? Newark, New Jersey
43%
With this many awards and crazy statline, Did his team reached the playoffs in his first year as a pro? No
43%
Did they win? No
43%
With the Shaq and Kobe duo, the Lakers became the best team in the league but they are still having a hard time in the playoffs until they hired a new coach which is named.. Phil Jackson
43%
What is Shaq's second name? Rashaun
43%
Where did Shaq played in his High school days? Robert G. Cole Middle and High School
43%
After winning those consecutive championships, What team stopped them from winning another championship? San Antonio Spurs
43%
What is the name of Shaq's son who is currently playing in the NCAA for UCLA Bruins Shareef
43%
After his contract with the Orlando Magic was over in the 1996 offseason, what did Shaq decided to do? Signed with the Los Angeles Lakers
43%
What nickname did he gave this player? The Flash
43%
In the 1995-1996 season, Shaq's 4th season. The Magic continue to dominate the east finishing second in the east. What happened to their 1996 playoffs? They lost to the MJ led Bulls in the conference finals
43%
Did they win the 1st round? Yes
43%
How many 3-pointers did Shaq made in his 19 year career? 1
29%
Shaq finally retired after his short stint with the Celtics. How many years did he played in the NBA? 19
29%
We all know Kobe Bryant became the new partner of Shaq but when did the two became a full time unstoppable duo? (Kobe's 1st year as a starter) 1998-1999
29%
Coming from a 42-40 record, Shaq as usual turned the team around claiming the best record in the eastern conference, what is their final W/L record for the 2004-2005 season? 59-23
29%
O'Neal led this High school team with a dominating record over the two years he played and won a state championship in his final year. What is the combined record in that 2 years span? 68-1
29%
Height of the Big guy? 7'1'"
29%
Shaq with the Suns didn't have too much success as his old age is now showing. He posted Career lows but still good enough to won an award. What is that award? All-NBA 3rd Team
29%
What package did the Miami heat offered to the Lakers to trade for shaq? Caron Butler,Brian Grant,Lamar Odom & 2 Draft picks
29%
In his last year in the NCAA he was considered to fill the collegespot of the 1992 USA Dream team but lost the spot to a future teammate who is? Christian Laettner
29%
In the 2009 Offseason Shaq was traded to what team? Cleveland Cavaliers
29%
As they reach their 1st NBA finals berth, the representative of the western conference was also first timers in the finals at the time. Which team is it? Dallas Mavericks
29%
Shaq is arguably the most dominant ever but he is just a human after all as he still has a major weakness in his game. What part of his game is that? Freethrows
29%
Then he starred in a movie where he was a "5000 years old" genie. The movie sucks but still you will know this if you're a Shaq fan. Kazaam
29%
A few years after his NBA career has ended, he decided to buy a team but couldn't finalize big deals so he opted to being a minority owner of a team in California, what team is it? Kings
29%
In 2005-2006 season, Shaq had a minor feud with their head coach Stan Van Gundy then Shaq got injured early in the season, coming back from an injury Stan Van Gundy resigned as Heat's head coach. Who's the Hall of famer coach that replaced stan van gundy? Pat Riley
29%
What is Shaq's product endorsements at the time? Pepsi and Reebok
29%
After getting his 4th championship with the Heat. Shaq didn't find much success from then on with the Heat and got into an altercation with coach Pat Riley forcing him to trade him to what team? Phoenix Suns
29%
After the result of the previous playoff run by the Heat, Shaq's contract is over. What did he decided to do? Resign with the Miami Heat
29%
Speaking of his rapping skills,He made 4 studio albums in the span of 5 years. What among the choices is not his album? Shaq Fu Fighting
29%
While playing for the Phoenix Suns, Shaq hosted and featured an american TV show where he will challenge other athletes on their own sport. What is the name of the show? Shaq Vs.
29%
Who is the wife of Shaq? Shaunie Nelson
29%
His contract was over after that single season. What did he decided to do? Signed with the Boston Celtics
29%
Shaq almost won the season MVP that year, it was considered as the closest votes in the NBA history. He claimed this guy robbed him off the MVP award, who's the guy? Steve Nash
29%
After winning the first round, what happened to the rest of the playoffs? They reached the finals
29%
With the addition of these players, What did happened to the NBA 2006 playoffs? They Reached the NBA finals
29%
Did they win the finals? Yes
29%
How much is his elusive new contract? $121 million 7 years
14%
They lost the series, What is the final standings? 1-4
14%
Shaq putting up career averages of? 23.7 PPG, .582 FG%,10.9 RPG & 2.3 BPG
14%
How much is his new contract? $2.8 million Veteran's minimum
14%
Shaq used 4 jersey # in his 19 year career, Click the one that he didn't used. 35
14%
What is the peak of his weight? 350 lbs.
14%
Shaq has _ sons/daughters. 5
14%
The Heat managed to reach the playoffs once again but this time Shaq and Dwade had more help entering the playoffs. Which is not added on their roster in 2005-2006 season? Antawn Jamison
14%
Shaq left LSU after 3 years but cameback in the early 2000 to finish his degree of? B.A. in General Studies
14%
Shaq's go to move was the drop step, which he gave a nickname for it's dominance whenever he uses it. What's it called? Black Tornado
14%
While playing basketball he started acting in his early teens featuring in a movie where he was recruited by a college coach to play for their team, what is the name of the movie? Blue Chips
14%
Shaq played for 6 teams in his career, Which teams retired his jersey? Lakers & Heat
14%
What is the trade package the other team offered to get Shaq? Marcus Banks & Shawn Marion
14%
Shaq and Kobe find success with the new system of their head coach especially Shaq who won lots of award in the 1999-2000 season, which is not included? Most Defensive Player
14%
He was also featured as a cover athlete in lots of basketball video games, except.. NBA Shooutout 2004
14%
In his 1st playoff appearance as a Heat player, they met with what team in the 1st round? New Jersey Nets
14%
Did Shaq win Finals MVP? No
14%
Where is his High school located? San Antonio, Texas
14%
With the addition of these two aging superstars, they built a superteam but Shaq was involved in a feud with Kobe Bryant. Among the choices there is 1 false statement that never happened, what is it? Shaq told Kobe that He isn't good enough to be a superstar
14%
He was also included in some video games that is not involved with Basketball, He's a playable or unlockable character in all three games except.. Smackdown Vs. Raw 2011
14%
After those 2 failed stints he still managed to get another acting job in the film adaptation of a comic series from DC, He's the protagonist named John Henry Irons better known as? Steel
14%
After those Box Office Bombs as a main character, Shaq still pursued acting but this time he's having minor roles or even cameos, Which movie did he not appeared in? Superbad
14%
Magic won how many games in the series? 0
0%
He led the league in Field Goal Percentage how many times? 10
0%
How much money did he get in his new contract? $100 million 5 years
0%
In his rookie season, He already showed the world how dominating he can be. What is his crazy statline in his 1st year as an NBA Player? 23.4 PPG, 56.2 FG%, 13.9 RPG, 3.5 BPG
0%
As his freethrows was considered to be his major weaknes, What is his career free throw percentage? 52.7%
0%
Mid-way thru the season, O'neal suffered a career ending injury because of what? Achilles
0%
With this crazy statline for a rookie, He then again received awards for his rookie year, What is not included in those awards? All-NBA 3rd Team
0%
Shaq's been a lifelong wrestling fan, in 2009 he hosted Monday's Night Raw where he was involved in a physical altercation with whom? Big Show
0%
Who adviced Shaq to make peace with Kobe? Bill Russell
0%
In this current season, They reached the playoffs once again. Who did they play against in the first round and did they win? Boston Celtics - Win
0%
After a disappointing result in the 2004 NBA finals, Shaq demanded a trade. He was traded to the Miami Heat but before that happened he was almost traded to what player/team? Dirk Nowitzki/Dallas Mavericks
0%
Because of this weakness in his game, A Hall of Famer coach invented a strategy called "Hack-a-Shaq" to limit his dominance in offense. Who invented this strategy? Don Nelson
0%
But it doesn't end there. He received a Ed.D in 2012 with the degree of? Human Resource Development
0%
Pick the phrase that he didn't said in the media. I sacrificed a lot of things early in my life, I earned this, I won't settle for less.
0%
Shaq won a lots of award in the NCAA, which is not included. NCAA Basketball Tournament Most Outstanding Player
0%
As businessminded as he is, He also invests some of his money in e-sports, what NA team based did he invested to? NRG eSports
0%
What was the package offered for Shaq? Sasha Pavlovic, Ben Wallace, 1 Draft Pick & Cash Considerations
0%
In his 3rd season, Shaq continue to dominate the league. He led the NBA in which category(1994–95)? Scoring
0%
Pick the phrase that other people didn't said about him in the media Shaq didn't care about anything except his own self
0%
A current teammate of Shaq at the time claimed that Shaq stole the idea of the show from him and because of this he was granted to be an executive producer of the show. Who is this teammate? Steve Nash
0%
Journalists and Analysts gave a lot of nickname to Shaq, What is not included? The Big Mountain
0%
What happened to the rest of the playoffs? They advance to the Conference finals and lost
0%
And again it still doesn't end there, in early 2000s he decided to be a cop, he was given an honorary title few days before his birthday in 2005. What is this title? U.S. Deputy Marshal
0%
No matching quizzes found
Score Distribution
Percent of People with Each Score
Percentile by Number Answered
Your Score History
You have not taken this quiz